[Event "Europa ch 2014"]
[Site "Yerevan ARM"]
[Date "2014.03.04"]
[Round "2.118"]
[White "Danielyan, Vahe"]
[Black "Petrosyan, Manuel"]
[Result "0-1"]
[WhiteElo "1919"]
[BlackElo "2336"]
[PlyCount "88"]
[EventDate "2014.03.03"]
[EventType "swiss"]
[EventRounds "11"]
[EventCountry "ARM"]
[Source "lmi"]
[SourceDate "2014.03.02"]

1. e4 c5 2. Nf3 b6 3. c4 Bb7 4. Nc3 e6 5. Be2 d6 6. O-O Nf6 7. d3 Be7 8. Bg5
O-O 9. h3 Nbd7 10. Qc2 a6 11. Nd2 Re8 12. f4 Qc7 13. Nd1 h6 14. Bxf6 Bxf6 15.
Nf3 Nb8 16. Nf2 Nc6 17. Ng4 Bd4+ 18. Kh1 f5 19. Ngh2 Be3 20. d4 Nxd4 21. Nxd4
Bxd4 22. Bd3 Bxe4 23. Bxe4 fxe4 24. Qxe4 Bxb2 25. Rab1 Bd4 26. Nf3 b5 27. cxb5
axb5 28. Nxd4 cxd4 29. Rxb5 Rxa2 30. f5 Qc2 31. Qf3 Qe2 32. Qxe2 Rxe2 33. f6
Rf8 34. f7+ Kh7 35. Rf3 g6 36. Rb4 Re4 37. Kg1 Kg7 38. Rb7 d5 39. Re7 d3 40.
Rxd3 Rxf7 41. Re8 h5 42. Rb3 h4 43. Rb6 Re1+ 44. Kh2 Rff1 0-1

[Event "Europa ch 2014"]
[Site "Yerevan ARM"]
[Date "2014.03.04"]
[Round "2.119"]
[White "Morchiashvili, Bachana"]
[Black "Kuehn, Matthias"]
[Result "1-0"]
[WhiteElo "2335"]
[BlackElo "1957"]
[PlyCount "39"]
[EventDate "2014.03.03"]
[EventType "swiss"]
[EventRounds "11"]
[EventCountry "ARM"]
[Source "lmi"]
[SourceDate "2014.03.02"]

1. d4 g6 2. Nf3 Bg7 3. c4 d6 4. Nc3 Bg4 5. e3 Nc6 6. h3 Bxf3 7. Qxf3 e5 8. dxe5
dxe5 9. Bd2 Nf6 10. g4 h6 11. O-O-O Qc8 12. Rg1 Ne7 13. h4 c6 14. g5 Nh5 15.
Ne4 Qc7 16. Ba5 b6 17. Nd6+ Qxd6 18. Rxd6 bxa5 19. Bh3 O-O 20. gxh6 1-0

[Event "Europa ch 2014"]
[Site "Yerevan ARM"]
[Date "2014.03.04"]
[Round "2.120"]
[White "Porfireanu, Serban"]
[Black "Rozhko, Dmitry"]
[Result "0-1"]
[WhiteElo "1903"]
[BlackElo "2335"]
[PlyCount "110"]
[EventDate "2014.03.03"]
[EventType "swiss"]
[EventRounds "11"]
[EventCountry "ARM"]
[Source "lmi"]
[SourceDate "2014.03.02"]

1. Nf3 d5 2. d4 Nf6 3. g3 Bf5 4. Bg2 h6 5. c4 c6 6. Nc3 e6 7. cxd5 exd5 8. O-O
Bd6 9. Re1 O-O 10. Nh4 Bh7 11. Nf3 Nbd7 12. a3 a5 13. a4 Qb6 14. e3 Ne4 15. Nd2
Nxd2 16. Qxd2 Qb3 17. e4 dxe4 18. Nxe4 Bb4 19. Re3 Bxd2 20. Rxb3 Bb4 21. Bf4 g5
22. Bd6 Bxe4 23. Bxf8 Bxg2 24. Bxh6 Bd5 25. Re3 f6 26. h4 gxh4 27. gxh4 Kf7 28.
Rg3 Rh8 29. Rg7+ Ke6 30. Bf4 Rxh4 31. Bh2 Rxd4 32. Bg3 Nc5 33. f4 Kf5 34. Rc1
Ne4 35. Be1 Bxe1 36. Rxe1 Rxa4 37. Rxb7 Nd2 38. Re2 Nf3+ 39. Kf2 Rxf4 40. Kg3
Ng5 41. Rbe7 Rf3+ 42. Kh2 Kf4 43. Kg1 Bc4 44. Rc2 Rg3+ 45. Kf2 Bd5 46. Rc3 Rg2+
47. Kf1 Rxb2 48. Ra3 Bc4+ 49. Ke1 Nf3+ 50. Kd1 Bb3+ 51. Kc1 Rc2+ 52. Kb1 a4 53.
Rb7 Nd2+ 54. Ka1 Nc4 55. Rb4 Rc1# 0-1

[Event "Europa ch 2014"]
[Site "Yerevan ARM"]
[Date "2014.03.04"]
[Round "2.121"]
[White "Vardanian, Haik G"]
[Black "Mkrtchyan, Sargis R"]
[Result "1-0"]
[WhiteElo "2327"]
[BlackElo "1909"]
[PlyCount "95"]
[EventDate "2014.03.03"]
[EventType "swiss"]
[EventRounds "11"]
[EventCountry "ARM"]
[Source "lmi"]
[SourceDate "2014.03.02"]

1. e4 e5 2. Nf3 Nc6 3. Bb5 Nf6 4. d3 d6 5. O-O g6 6. d4 Bd7 7. Nc3 exd4 8. Nxd4
Bg7 9. Bg5 h6 10. Bh4 O-O 11. Bxc6 bxc6 12. f4 Qb8 13. Nb3 a5 14. a4 Re8 15.
Re1 Qb4 16. Qd3 Be6 17. Nd4 Bc4 18. Qf3 Nxe4 19. Rxe4 Rxe4 20. Qxe4 Qxb2 21.
Rd1 Qxc3 22. Nxc6 Kh7 23. Ne7 Re8 24. f5 Rxe7 25. Bxe7 d5 26. Qe1 Qxc2 27. f6
Bh8 28. h4 h5 29. Rc1 Qxa4 30. Qe5 Qc6 31. Rc3 Qb6+ 32. Kh2 a4 33. Bd8 Qf2 34.
Qxc7 Kh6 35. Qg3 Qd4 36. Rf3 Qe4 37. Rf4 Qe8 38. Be7 Qd7 39. Qg5+ Kh7 40. Bf8
Qc7 41. Qh6+ Kg8 42. Bg7 Qxf4+ 43. Qxf4 Bxg7 44. fxg7 Kxg7 45. Qd6 Bb3 46. Kg3
d4 47. Qxd4+ f6 48. Kf4 1-0

[Event "Europa ch 2014"]
[Site "Yerevan ARM"]
[Date "2014.03.04"]
[Round "2.122"]
[White "Machkalyan, Haik"]
[Black "Kursova, Maria"]
[Result "0-1"]
[WhiteElo "1874"]
[BlackElo "2326"]
[PlyCount "96"]
[EventDate "2014.03.03"]
[EventType "swiss"]
[EventRounds "11"]
[EventCountry "ARM"]
[Source "lmi"]
[SourceDate "2014.03.02"]

1. a3 Nf6 2. Nf3 e6 3. g3 c5 4. Bg2 Be7 5. O-O O-O 6. e3 Qc7 7. d4 b6 8. b3 Bb7
9. Bb2 Nc6 10. Nc3 d5 11. Qe2 Rac8 12. Rfd1 a6 13. a4 Rfd8 14. Rac1 Qb8 15. Ne5
Nxe5 16. dxe5 Nd7 17. f4 Bf8 18. Kh1 Bc6 19. Qg4 Qb7 20. Qh3 Re8 21. Ne2 b5 22.
axb5 Qxb5 23. Re1 Qb7 24. g4 a5 25. Ba3 Ra8 26. g5 a4 27. bxa4 Rxa4 28. Rb1 Qa6
29. Bb2 Rb4 30. Ra1 Qc4 31. Ba3 Ra4 32. Ng3 Rea8 33. Bb2 Qxc2 34. Rxa4 Rxa4 35.
Ba1 g6 36. Rf1 Ra2 37. Bf3 Qa4 38. Bc3 d4 39. exd4 cxd4 40. Be1 Bxf3+ 41. Rxf3
Qc6 42. Nf1 Ra1 43. Bd2 Nc5 44. Kg1 Ne4 45. Rd3 Qc2 46. Kg2 Nxd2 47. Rxd2 Qe4+
48. Kg1 Qxf4 0-1

[Event "Europa ch 2014"]
[Site "Yerevan ARM"]
[Date "2014.03.04"]
[Round "2.123"]
[White "Deac, Bogdan-Daniel"]
[Black "Hoghmrtsyan, Artur"]
[Result "1-0"]
[WhiteElo "2322"]
[BlackElo "1878"]
[PlyCount "71"]
[EventDate "2014.03.03"]
[EventType "swiss"]
[EventRounds "11"]
[EventCountry "ARM"]
[Source "lmi"]
[SourceDate "2014.03.02"]

1. d4 Nf6 2. c4 g6 3. Nf3 Bg7 4. g3 O-O 5. Bg2 d6 6. Nc3 Nbd7 7. O-O e5 8. e4
exd4 9. Nxd4 Nc5 10. h3 Re8 11. Re1 c6 12. Qc2 a5 13. Be3 a4 14. Rad1 Qa5 15.
f4 a3 16. b3 Na6 17. g4 Nb4 18. Qd2 Bxg4 19. hxg4 Nxg4 20. Re2 d5 21. cxd5 cxd5
22. e5 f6 23. e6 f5 24. Ncb5 Nf6 25. Qe1 Ne4 26. Bxe4 dxe4 27. Nd6 Reb8 28. e7
Bf6 29. e8=Q+ Rxe8 30. Nxe8 Rxe8 31. Nc2 Be7 32. Rd7 Qb5 33. Rxe7 Rxe7 34. Nxb4
Rd7 35. Rc2 g5 36. Rc5 1-0

[Event "Europa ch 2014"]
[Site "Yerevan ARM"]
[Date "2014.03.04"]
[Round "2.124"]
[White "Davtyan, Artur"]
[Black "Galojan, Lilit"]
[Result "0-1"]
[WhiteElo "1843"]
[BlackElo "2317"]
[PlyCount "58"]
[EventDate "2014.03.03"]
[EventType "swiss"]
[EventRounds "11"]
[EventCountry "ARM"]
[Source "lmi"]
[SourceDate "2014.03.02"]

1. d4 Nf6 2. Nf3 e6 3. c4 d5 4. Nc3 Be7 5. Bf4 O-O 6. e3 c6 7. h3 b6 8. Bd3 Bb7
9. O-O Nbd7 10. Rc1 dxc4 11. Bxc4 Nd5 12. Bh2 Nxc3 13. bxc3 Nf6 14. Ne5 Ba3 15.
Rb1 Qe7 16. Qa4 Bd6 17. Rfd1 Rfd8 18. Rbc1 Qc7 19. Bf4 h6 20. Be2 c5 21. Bf3
Bxf3 22. gxf3 Rac8 23. Nd3 Bxf4 24. Nxf4 Qe7 25. Kf1 Nd5 26. Nxd5 Rxd5 27. Ke2
Rh5 28. Rg1 cxd4 29. Qxd4 g6 0-1

[Event "Europa ch 2014"]
[Site "Yerevan ARM"]
[Date "2014.03.04"]
[Round "2.125"]
[White "Aharon, Ofir"]
[Black "Hakobyan, Hovhannes H"]
[Result "1-0"]
[WhiteElo "2316"]
[BlackElo "1869"]
[PlyCount "75"]
[EventDate "2014.03.03"]
[EventType "swiss"]
[EventRounds "11"]
[EventCountry "ARM"]
[Source "lmi"]
[SourceDate "2014.03.02"]

1. e4 c5 2. Nf3 d6 3. d4 cxd4 4. Nxd4 Nf6 5. Nc3 g6 6. Be3 Bg7 7. f3 O-O 8. Bc4
Nc6 9. Bb3 Bd7 10. h4 Qa5 11. Qd2 Rfc8 12. O-O-O Ne5 13. g4 Rc4 14. g5 Nh5 15.
f4 Rxd4 16. Qxd4 Ng4 17. Qd5 Qxd5 18. Nxd5 e6 19. Nc7 Rc8 20. Bxa7 Rxc7 21.
Rxd6 Nxf4 22. Rhd1 Ne5 23. Bb6 Rc6 24. Rxc6 Bxc6 25. Rd8+ Bf8 26. Bc7 Ne2+ 27.
Kd1 Nd7 28. Kxe2 Kg7 29. e5 Be7 30. Re8 Bc5 31. Bd8 f6 32. exf6+ Kf7 33. Rxe6
Bb5+ 34. Kd1 Kf8 35. Be7+ Bxe7 36. Rxe7 Nc5 37. Rf7+ Ke8 38. Rxh7 1-0

[Event "Europa ch 2014"]
[Site "Yerevan ARM"]
[Date "2014.03.04"]
[Round "2.126"]
[White "Mikaelyan, Arman"]
[Black "Parvanyan, Ashot"]
[Result "0-1"]
[WhiteElo "2291"]
[BlackElo "1804"]
[PlyCount "112"]
[EventDate "2014.03.03"]
[EventType "swiss"]
[EventRounds "11"]
[EventCountry "ARM"]
[Source "lmi"]
[SourceDate "2014.03.02"]

1. d4 d5 2. c4 c6 3. Nc3 Nf6 4. cxd5 cxd5 5. Bf4 Nc6 6. e3 e6 7. Bd3 a6 8. Rc1
Bd6 9. Bxd6 Qxd6 10. f4 O-O 11. Nf3 b5 12. O-O Bb7 13. Ne5 Na5 14. Rf3 Nc4 15.
Rh3 g6 16. Qe2 Qe7 17. Qf2 Nxe5 18. fxe5 Ne4 19. Bxe4 dxe4 20. Rf1 Qg5 21. Rh4
Rac8 22. Nxe4 Bxe4 23. Rxe4 Rc7 24. Rf4 Qe7 25. h4 Rfc8 26. h5 Rc1 27. Rf6 R8c2
28. Qf3 Rxf1+ 29. Qxf1 Qc7 30. Qf3 Qa5 31. Qb7 Qe1+ 32. Rf1 Qxe3+ 33. Kh1 Rf2
34. Rxf2 Qxf2 35. Qe4 Qxb2 36. Kh2 Qd2 37. hxg6 hxg6 38. a3 Qh6+ 39. Kg1 Qc1+
40. Kh2 Qxa3 41. Qa8+ Kg7 42. Qd8 Qc1 43. Qf6+ Kg8 44. d5 Qh6+ 45. Kg3 exd5 46.
Qd8+ Qf8 47. Qxd5 Qe7 48. Kf4 Qe6 49. Qd8+ Kg7 50. g4 b4 51. Qb8 b3 52. Kf3
Qd5+ 53. Ke3 a5 54. g5 a4 55. Qc7 b2 56. Qc3 Qb3 0-1

[Event "Europa ch 2014"]
[Site "Yerevan ARM"]
[Date "2014.03.04"]
[Round "2.127"]
[White "Simonyan, Latush"]
[Black "Chudinovskikh, Alexander M"]
[Result "0-1"]
[WhiteElo "1799"]
[BlackElo "2280"]
[PlyCount "56"]
[EventDate "2014.03.03"]
[EventType "swiss"]
[EventRounds "11"]
[EventCountry "ARM"]
[Source "lmi"]
[SourceDate "2014.03.02"]

1. e4 e5 2. Nf3 Nc6 3. Nc3 Nf6 4. d4 exd4 5. Nxd4 Bb4 6. Nxc6 bxc6 7. Bd3 d5 8.
exd5 cxd5 9. O-O O-O 10. Bg5 c6 11. Qf3 h6 12. Bxf6 Qxf6 13. Qxf6 gxf6 14. Ne2
Rb8 15. Rab1 Be6 16. Ng3 Rfe8 17. Nh5 Be7 18. Rfe1 c5 19. Rbd1 c4 20. Be2 Kf8
21. Bf3 Rbd8 22. Re2 d4 23. Red2 Bb4 24. Nxf6 Bxd2 25. Nxe8 c3 26. Nf6 Bf5 27.
Ne4 d3 28. g4 Bg6 0-1

[Event "Europa ch 2014"]
[Site "Yerevan ARM"]
[Date "2014.03.04"]
[Round "2.128"]
[White "Khachatryan, Vahagn"]
[Black "Rusek, Walter"]
[Result "1-0"]
[WhiteElo "2278"]
[BlackElo "1794"]
[PlyCount "47"]
[EventDate "2014.03.03"]
[EventType "swiss"]
[EventRounds "11"]
[EventCountry "ARM"]
[Source "lmi"]
[SourceDate "2014.03.02"]

1. c4 c6 2. e4 d5 3. exd5 cxd5 4. cxd5 Nf6 5. Qa4+ Nbd7 6. Nc3 g6 7. Nf3 Bg7 8.
Bc4 O-O 9. d3 a6 10. Qa3 Qc7 11. O-O Qc5 12. Qxc5 Nxc5 13. Be3 Ncd7 14. a4 Ng4
15. Bg5 Bf6 16. Rfe1 Nge5 17. Bxf6 Nxf3+ 18. gxf3 exf6 19. Re7 Ne5 20. f4 Nf3+
21. Kh1 Nd4 22. d6 Nf5 23. Ne4 Kg7 24. Rc7 1-0

[Event "Europa ch 2014"]
[Site "Yerevan ARM"]
[Date "2014.03.05"]
[Round "3.1"]
[White "Artemiev, Vladislav"]
[Black "Khismatullin, Denis"]
[Result "1-0"]
[WhiteElo "2621"]
[BlackElo "2714"]
[PlyCount "85"]
[EventDate "2014.03.03"]
[EventType "swiss"]
[EventRounds "11"]
[EventCountry "ARM"]
[Source "lmi"]
[SourceDate "2014.03.02"]

1. Nf3 Nf6 2. g3 b5 3. Bg2 Bb7 4. O-O e6 5. d3 Be7 6. e4 O-O 7. c4 b4 8. e5 Ne8
9. d4 d6 10. Qc2 Nd7 11. Ng5 Bxg5 12. Bxb7 Rb8 13. Bxg5 Qxg5 14. Bc6 Rd8 15. f4
Qe7 16. Kg2 dxe5 17. dxe5 f6 18. exf6 Nexf6 19. Nd2 Ng4 20. Rae1 Qc5 21. Qe4
Nde5 22. Nb3 Qxc6 23. fxe5 Nxe5 24. Qxc6 Nxc6 25. Rxe6 Nd4 26. Rxf8+ Kxf8 27.
Nc5 c6 28. Re4 Kf7 29. Kf2 g5 30. h4 h6 31. hxg5 hxg5 32. g4 Rd6 33. Re5 Kf6
34. Re8 Kf7 35. Ra8 Rf6+ 36. Ke3 Ne6 37. Rxa7+ Kg6 38. Nd3 Nf4 39. Ne5+ Kh6 40.
Ra6 Ng2+ 41. Ke2 Rf4 42. Rxc6+ Kh7 43. Rc5 1-0

[Event "Europa ch 2014"]
[Site "Yerevan ARM"]
[Date "2014.03.05"]
[Round "3.3"]
[White "Kryvoruchko, Yuriy"]
[Black "Pashikian, Arman"]
[Result "1/2-1/2"]
[WhiteElo "2706"]
[BlackElo "2612"]
[PlyCount "114"]
[EventDate "2014.03.03"]
[EventType "swiss"]
[EventRounds "11"]
[EventCountry "ARM"]
[Source "lmi"]
[SourceDate "2014.03.02"]

1. e4 e5 2. Nf3 Nc6 3. Nc3 Nf6 4. d4 exd4 5. Nxd4 Bb4 6. Nxc6 bxc6 7. Bd3 d5 8.
exd5 O-O 9. O-O cxd5 10. h3 Re8 11. Qf3 Rb8 12. Bg5 c6 13. Rad1 Bd6 14. b3 Be5
15. Ne2 Qc7 16. Rfe1 h6 17. Bf4 Bb7 18. Bxe5 Rxe5 19. Nd4 Rbe8 20. Rxe5 Qxe5
21. b4 a5 22. a3 axb4 23. axb4 Ra8 24. Qe2 Qxe2 25. Nxe2 Ra4 26. c3 Kf8 27. f3
g6 28. Kf2 Ke7 29. g4 Kd6 30. Ke3 Ba6 31. Bxa6 Rxa6 32. h4 Ra3 33. g5 hxg5 34.
hxg5 Nd7 35. Rh1 Nf8 36. f4 Ne6 37. Rf1 c5 38. bxc5+ Kxc5 39. Kd3 Ra6 40. Nd4
Ra4 41. f5 Nxd4 42. Rf4 Ra3 43. Rxd4 Ra1 44. fxg6 fxg6 45. Rg4 Rh1 46. Ke3 Rh3+
47. Kd2 Rf3 48. Kc2 Re3 49. Kd2 Rh3 50. Kc2 Re3 51. Kd2 Re5 52. Kd3 Kd6 53. c4
dxc4+ 54. Rxc4 Rxg5 55. Ke3 Rf5 56. Rf4 Ke5 57. Rxf5+ Kxf5 1/2-1/2

[Event "Europa ch 2014"]
[Site "Yerevan ARM"]
[Date "2014.03.05"]
[Round "3.4"]
[White "Ipatov, Alexander"]
[Black "Navara, David"]
[Result "1/2-1/2"]
[WhiteElo "2614"]
[BlackElo "2700"]
[PlyCount "159"]
[EventDate "2014.03.03"]
[EventType "swiss"]
[EventRounds "11"]
[EventCountry "ARM"]
[Source "lmi"]
[SourceDate "2014.03.02"]

1. d4 Nf6 2. c4 e6 3. Nc3 Bb4 4. e3 O-O 5. Nge2 d5 6. a3 Bd6 7. c5 Be7 8. b4 c6
9. Nf4 b6 10. Nd3 a5 11. Bd2 Ba6 12. Be2 Nbd7 13. O-O Ne4 14. Nxe4 dxe4 15. Nf4
e5 16. Bxa6 Rxa6 17. dxe5 Nxe5 18. bxa5 Nc4 19. Qe2 b5 20. Bb4 Nxa5 21. a4 Nb3
22. Rab1 Nxc5 23. axb5 cxb5 24. Qxb5 Rb6 25. Qc4 Rc6 26. Rfd1 Qa8 27. Nd5 Bd6
28. Bxc5 Rxc5 29. Qxe4 Rd8 30. g3 Bf8 31. Ne7+ Bxe7 32. Qxe7 Rxd1+ 33. Rxd1 Rc8
34. h4 h5 35. Qd7 g6 36. e4 Re8 37. Qd5 Qxd5 38. exd5 Kf8 39. Kg2 Re5 40. f4
Re3 41. d6 Ke8 42. d7+ Kd8 43. f5 gxf5 44. Rd5 Re7 45. Rxf5 Rxd7 46. Rxh5 Ke7
47. Rh8 Rd3 48. Rh5 Kf8 49. Kh3 Kg7 50. Rg5+ Kh6 51. Kg4 Ra3 52. Kf5 Ra6 53.
Rg4 Rb6 54. Ra4 Kg7 55. Ra5 Rb4 56. g4 Rb1 57. Kg5 Rf1 58. Rb5 Rf2 59. Ra5 Rf1
60. Ra7 Rb1 61. h5 Rb5+ 62. Kh4 Rb1 63. Ra6 Rh1+ 64. Kg5 Rf1 65. Ra7 Rf2 66.
Ra5 f6+ 67. Kh4 Rf3 68. Ra7+ Kh6 69. Rf7 Rf1 70. Kg3 Kg5 71. Ra7 Rg1+ 72. Kh3
Rh1+ 73. Kg3 Rg1+ 74. Kf3 Rf1+ 75. Ke2 Rh1 76. Kf3 f5 77. Rg7+ Kf6 78. Rg6+ Kf7
79. Kf4 fxg4 80. Rxg4 1/2-1/2

[Event "Europa ch 2014"]
[Site "Yerevan ARM"]
[Date "2014.03.05"]
[Round "3.5"]
[White "Inarkiev, Ernesto"]
[Black "Hovhannisyan, Robert"]
[Result "1/2-1/2"]
[WhiteElo "2698"]
[BlackElo "2611"]
[PlyCount "96"]
[EventDate "2014.03.03"]
[EventType "swiss"]
[EventRounds "11"]
[EventCountry "ARM"]
[Source "lmi"]
[SourceDate "2014.03.02"]

1. d4 d5 2. c4 c6 3. Nf3 Nf6 4. Nc3 e6 5. Bg5 h6 6. Bxf6 Qxf6 7. e3 g6 8. Be2
Bg7 9. O-O O-O 10. e4 Qd8 11. e5 dxc4 12. Bxc4 c5 13. dxc5 Nd7 14. Qe2 Qc7 15.
Rfe1 Qxc5 16. h4 Qe7 17. Rad1 b6 18. Qd2 Rd8 19. Nd5 exd5 20. Qxd5 Ba6 21. Bxa6
Nxe5 22. Qe4 Nxf3+ 23. gxf3 Qxe4 24. Rxd8+ Rxd8 25. Rxe4 Bxb2 26. h5 gxh5 27.
Re7 Rd4 28. Rxa7 Ra4 29. Ra8+ Kg7 30. Bb7 Rb4 31. Re8 Bd4 32. Re2 Bc5 33. Kg2
Kf6 34. Rd2 Kg5 35. Be4 Kf6 36. Bd5 Ke7 37. Be4 Ra4 38. Re2 Kf6 39. Rd2 Kg5 40.
Rd5+ Kf6 41. Rf5+ Kg7 42. Bd5 f6 43. Bb3 Rd4 44. Rd5 Rxd5 45. Bxd5 Kg6 46. f4
h4 47. Be6 f5 48. f3 Be3 1/2-1/2

[Event "Europa ch 2014"]
[Site "Yerevan ARM"]
[Date "2014.03.05"]
[Round "3.6"]
[White "Salgado Lopez, Ivan"]
[Black "Riazantsev, Alexander"]
[Result "0-1"]
[WhiteElo "2605"]
[BlackElo "2689"]
[PlyCount "62"]
[EventDate "2014.03.03"]
[EventType "swiss"]
[EventRounds "11"]
[EventCountry "ARM"]
[Source "lmi"]
[SourceDate "2014.03.02"]

1. e4 c5 2. Nf3 d6 3. d4 cxd4 4. Nxd4 Nf6 5. Nc3 Nc6 6. Bg5 e6 7. Qd2 a6 8.
O-O-O h6 9. Bf4 d5 10. exd5 exd5 11. Be2 Be7 12. Nb3 Be6 13. Bf3 Qb6 14. Qe3
Qxe3+ 15. Bxe3 O-O-O 16. Bb6 Rd6 17. Rhe1 Re8 18. h3 g5 19. Bc5 Rdd8 20. Bb6
Rd6 21. Bc5 Rdd8 22. Bxe7 Rxe7 23. Nd4 Rde8 24. Re3 Kc7 25. Nce2 Bd7 26. Rxe7
Rxe7 27. Ng3 Re5 28. Nh5 Ne4 29. Bxe4 dxe4 30. Nf6 Nxd4 31. Nxd7 Rd5 0-1

[Event "Europa ch 2014"]
[Site "Yerevan ARM"]
[Date "2014.03.05"]
[Round "3.7"]
[White "Zhigalko, Andrey"]
[Black "Cheparinov, Ivan"]
[Result "1/2-1/2"]
[WhiteElo "2603"]
[BlackElo "2681"]
[PlyCount "84"]
[EventDate "2014.03.03"]
[EventType "swiss"]
[EventRounds "11"]
[EventCountry "ARM"]
[Source "lmi"]
[SourceDate "2014.03.02"]

1. e4 c5 2. Nf3 d6 3. d4 cxd4 4. Qxd4 Nc6 5. Bb5 Bd7 6. Bxc6 Bxc6 7. Nc3 Nf6 8.
Bg5 e6 9. O-O-O Be7 10. Qd3 O-O 11. Nd4 Qc7 12. f4 Rfd8 13. h4 Rac8 14. Kb1 a6
15. Qe2 Be8 16. Rd3 b5 17. a3 Qb7 18. e5 b4 19. axb4 dxe5 20. fxe5 Bxb4 21. Na2
Bc5 22. Nxe6 fxe6 23. Rxd8 Rxd8 24. exf6 Rb8 25. b3 Bg6 26. Nc1 Qd5 27. Qf3
Qxf3 28. gxf3 h6 29. Bd2 gxf6 30. Bxh6 Kf7 31. h5 Bf5 32. Nd3 Bd4 33. Rd1 Rh8
34. Bc1 e5 35. h6 a5 36. Bb2 Bxb2 37. Kxb2 Rxh6 38. Ra1 Rh3 39. Rxa5 Rxf3 40.
Nxe5+ fxe5 41. Rxe5 Rf2 42. Rc5 Ke6 1/2-1/2

[Event "Europa ch 2014"]
[Site "Yerevan ARM"]
[Date "2014.03.05"]
[Round "3.8"]
[White "Andriasian, Zaven"]
[Black "Shimanov, Aleksandr"]
[Result "1/2-1/2"]
[WhiteElo "2600"]
[BlackElo "2649"]
[PlyCount "159"]
[EventDate "2014.03.03"]
[EventType "swiss"]
[EventRounds "11"]
[EventCountry "ARM"]
[Source "lmi"]
[SourceDate "2014.03.02"]

1. e4 Nf6 2. e5 Nd5 3. d4 d6 4. Nf3 dxe5 5. Nxe5 c6 6. Be2 Bf5 7. O-O Nd7 8.
Nd3 e6 9. c4 N5f6 10. Bf4 Be7 11. Nc3 O-O 12. Re1 Ne4 13. Bf3 Nxc3 14. bxc3 Qa5
15. Qd2 Nb6 16. Nb2 Rfd8 17. a4 Bf6 18. Qc1 Rd7 19. c5 Nd5 20. Bd2 Qc7 21. Nc4
b6 22. cxb6 axb6 23. Ne5 Rdd8 24. c4 Ne7 25. Bc3 Bxe5 26. Rxe5 Bd3 27. Bb2 Nf5
28. d5 cxd5 29. cxd5 Qxc1+ 30. Rxc1 Rxa4 31. dxe6 fxe6 32. Rxe6 Rb4 33. Ba1 Nd4
34. Bxd4 Rdxd4 35. Re8+ Kf7 36. Rb8 Bf5 37. h3 Rb2 38. Rc7+ Rd7 39. Rc6 b5 40.
Rcb6 Ke7 41. Rxb5 Rxb5 42. Rxb5 Bd3 43. Rb6 Rd6 44. Rb7+ Rd7 45. Rb4 g5 46. Bg4
Rd6 47. Kh2 Kf6 48. h4 h6 49. Kg3 Bg6 50. Rb8 Rd3+ 51. f3 Rd6 52. Bh3 Rd4 53.
Rb6+ Kg7 54. hxg5 hxg5 55. Bc8 Rc4 56. Bb7 Rd4 57. Ba6 Ra4 58. Rd6 Rb4 59. Kf2
g4 60. Kg3 gxf3 61. gxf3 Bf5 62. Rc6 Rd4 63. Kf2 Bd7 64. Rb6 Bf5 65. Ke3 Ra4
66. Rc6 Bd7 67. Rd6 Bf5 68. Bb7 Kf7 69. Bd5+ Ke7 70. Rb6 Bc2 71. Re6+ Kf8 72.
Rc6 Bb1 73. Rb6 Ba2 74. Bc6 Ra5 75. Kd4 Ke7 76. Bb5 Be6 77. f4 Ra1 78. Bd3 Ra4+
79. Ke3 Ra3 80. Ke4 1/2-1/2

[Event "Europa ch 2014"]
[Site "Yerevan ARM"]
[Date "2014.03.05"]
[Round "3.10"]
[White "Lupulescu, Constantin"]
[Black "Goganov, Aleksey"]
[Result "1/2-1/2"]
[WhiteElo "2643"]
[BlackElo "2569"]
[PlyCount "96"]
[EventDate "2014.03.03"]
[EventType "swiss"]
[EventRounds "11"]
[EventCountry "ARM"]
[Source "lmi"]
[SourceDate "2014.03.02"]

1. d4 d5 2. c4 c6 3. Nf3 Nf6 4. Nbd2 Bf5 5. Nh4 Be6 6. e3 g6 7. Be2 Bg7 8. O-O
O-O 9. Nhf3 Nbd7 10. Ng5 c5 11. Nxe6 fxe6 12. Nf3 Ne4 13. Bd3 Nd6 14. Ng5 Rf6
15. b3 Nf7 16. Nf3 e5 17. cxd5 exd4 18. exd4 Rxf3 19. Qxf3 Bxd4 20. Rb1 Nde5
21. Qe4 Nxd3 22. Qxd3 Qxd5 23. Be3 e5 24. Rfe1 Nd6 25. Bxd4 e4 26. Qc3 cxd4 27.
Rbd1 d3 28. f3 Rd8 29. Re3 Qg5 30. Qe1 Rc8 31. fxe4 Rc2 32. Rg3 Qc5+ 33. Qe3 d2
34. Qxc5 Rxc5 35. Rd3 Nxe4 36. g3 Kf7 37. Kg2 Ke6 38. Re3 Kd5 39. Rd3+ Ke5 40.
Kf3 Rc1 41. R3xd2 Nxd2+ 42. Rxd2 h5 43. Rd7 Rc3+ 44. Kg2 Rc2+ 45. Kh3 Rxa2 46.
Rxb7 Kf5 47. Rf7+ Ke6 48. Rh7 Kf6 1/2-1/2

[Event "Europa ch 2014"]
[Site "Yerevan ARM"]
[Date "2014.03.05"]
[Round "3.11"]
[White "Kovalev, Vladislav"]
[Black "Kuzubov, Yuriy"]
[Result "1/2-1/2"]
[WhiteElo "2548"]
[BlackElo "2642"]
[PlyCount "57"]
[EventDate "2014.03.03"]
[EventType "swiss"]
[EventRounds "11"]
[EventCountry "ARM"]
[Source "lmi"]
[SourceDate "2014.03.02"]

1. e4 c5 2. Nf3 Nc6 3. Nc3 g6 4. d4 cxd4 5. Nxd4 Bg7 6. Be3 Nf6 7. Bc4 O-O 8.
Bb3 e6 9. f4 d6 10. Qf3 e5 11. Nxc6 bxc6 12. fxe5 Ng4 13. exd6 Nxe3 14. Qxe3
Qxd6 15. Rd1 Qf6 16. Qf2 Qe7 17. O-O Ba6 18. Rfe1 Be5 19. Na4 Rad8 20. Nc5 Bc7
21. Rxd8 Rxd8 22. Qxf7+ Qxf7 23. Bxf7+ Kxf7 24. Nxa6 Bb6+ 25. Kf1 Rd2 26. Re2
Rd1+ 27. Re1 Rd2 28. Re2 Rd1+ 29. Re1 1/2-1/2

[Event "Europa ch 2014"]
[Site "Yerevan ARM"]
[Date "2014.03.05"]
[Round "3.12"]
[White "Fedoseev, Vladimir3"]
[Black "Antipov, Mikhail Al"]
[Result "1/2-1/2"]
[WhiteElo "2641"]
[BlackElo "2507"]
[PlyCount "137"]
[EventDate "2014.03.03"]
[EventType "swiss"]
[EventRounds "11"]
[EventCountry "ARM"]
[Source "lmi"]
[SourceDate "2014.03.02"]

1. e4 e5 2. Nf3 Nc6 3. d4 exd4 4. Nxd4 Nf6 5. Nxc6 bxc6 6. Nd2 d6 7. Bd3 g6 8.
O-O Bg7 9. h3 O-O 10. Re1 Re8 11. Nf3 Nd7 12. Bg5 Bf6 13. Bxf6 Qxf6 14. c3 Ne5
15. Nxe5 Rxe5 16. Qd2 Bb7 17. f4 Re7 18. Re2 c5 19. Rae1 Rae8 20. Bb5 Rb8 21.
a4 a6 22. Bd3 Bc6 23. a5 Bb5 24. Rf1 c4 25. Bb1 Bc6 26. e5 Qh4 27. Be4 Bxe4 28.
Rxe4 dxe5 29. Rfe1 Qf6 30. fxe5 Qc6 31. Kh2 Qc5 32. Qh6 Rbe8 33. Rh4 f6 34.
exf6 Qd6+ 35. Qf4 Qxf4+ 36. Rxf4 Rxe1 37. f7+ Kf8 38. fxe8=N+ Kxe8 39. Rxc4 Kd7
40. Kg3 Rb1 41. b4 Rf1 42. Rf4 Rc1 43. Rd4+ Ke7 44. Rc4 Kd6 45. h4 Rc2 46. Kf3
c6 47. g3 Kd5 48. Rc5+ Kd6 49. Kf4 h6 50. g4 Rf2+ 51. Kg3 Rd2 52. h5 Rd3+ 53.
Kf4 gxh5 54. gxh5 Rh3 55. Ke4 Rh4+ 56. Kd3 Rh3+ 57. Kc4 Rf3 58. Kb3 Rf2 59. Rc4
Rf5 60. Rg4 Rxh5 61. Rg7 Rg5 62. Ra7 h5 63. Rxa6 h4 64. c4 h3 65. c5+ Kd5 66.
Ra8 Rh5 67. Rd8+ Ke6 68. Rd6+ Ke7 69. Rd1 1/2-1/2

[Event "Europa ch 2014"]
[Site "Yerevan ARM"]
[Date "2014.03.05"]
[Round "3.13"]
[White "Rozum, Ivan"]
[Black "Najer, Evgeniy"]
[Result "0-1"]
[WhiteElo "2505"]
[BlackElo "2633"]
[PlyCount "64"]
[EventDate "2014.03.03"]
[EventType "swiss"]
[EventRounds "11"]
[EventCountry "ARM"]
[Source "lmi"]
[SourceDate "2014.03.02"]

1. d4 d5 2. c4 c6 3. Nf3 dxc4 4. e3 b5 5. a4 e6 6. axb5 cxb5 7. b3 Bb4+ 8. Bd2
Bxd2+ 9. Nbxd2 a5 10. bxc4 b4 11. Bd3 Nf6 12. O-O O-O 13. Qc2 Bb7 14. e4 h6 15.
e5 Nfd7 16. Bh7+ Kh8 17. Be4 Bxe4 18. Nxe4 Nb6 19. Nd6 a4 20. c5 b3 21. Qb2 Nd5
22. Ra3 Nc6 23. Rfa1 Qa5 24. Nd2 Qb4 25. N6c4 Nf4 26. Kf1 Rfd8 27. g3 Nd3 28.
Qb1 Qc3 29. Rxa4 Rxa4 30. Rxa4 Qxd4 31. Kg2 Qxf2+ 32. Kh1 b2 0-1